<?xml version="1.0" encoding="UTF-8"?>
<record
    xmlns:xsi="http://www.w3.org/2001/XMLSchema-instance"
    xsi:schemaLocation="http://www.loc.gov/MARC21/slim http://www.loc.gov/standards/marcxml/schema/MARC21slim.xsd"
    xmlns="http://www.loc.gov/MARC21/slim">

  <leader>01297nam a22002537a 4500</leader>
  <controlfield tag="005">20170124103205.0</controlfield>
  <datafield tag="010" ind1=" " ind2=" ">
    <subfield code="a">B-200306</subfield>
  </datafield>
  <datafield tag="020" ind1=" " ind2=" ">
    <subfield code="c">300.00</subfield>
    <subfield code="a">818853008</subfield>
  </datafield>
  <datafield tag="035" ind1=" " ind2=" ">
    <subfield code="a">B-200306</subfield>
  </datafield>
  <datafield tag="037" ind1=" " ind2=" ">
    <subfield code="b">Cen Lib/Ret</subfield>
  </datafield>
  <datafield tag="040" ind1=" " ind2=" ">
    <subfield code="a">DPL</subfield>
    <subfield code="b">HN</subfield>
  </datafield>
  <datafield tag="082" ind1=" " ind2=" ">
    <subfield code="a">921</subfield>
    <subfield code="b">&#x91A;&#x928;&#x94D;&#x926;&#x94D;&#x930;&#x936;&#x947; </subfield>
  </datafield>
  <datafield tag="100" ind1=" " ind2=" ">
    <subfield code="a">&#x91A;&#x928;&#x94D;&#x926;&#x94D;&#x930;&#x936;&#x947;&#x916;&#x930; &#x936;&#x93E;&#x938;&#x94D;&#x924;&#x94D;&#x930;&#x940; </subfield>
    <subfield code="9">43628</subfield>
  </datafield>
  <datafield tag="245" ind1=" " ind2=" ">
    <subfield code="a">&#x92F;&#x94B;&#x917;&#x93F;&#x930;&#x93E;&#x91C; &#x936;&#x94D;&#x930;&#x940;&#x915;&#x943;&#x937;&#x94D;&#x923; :</subfield>
    <subfield code="c">&#x91A;&#x928;&#x94D;&#x926;&#x94D;&#x930;&#x936;&#x947;&#x916;&#x930; &#x936;&#x93E;&#x938;&#x94D;&#x924;&#x94D;&#x930;&#x940;</subfield>
    <subfield code="b">&#x936;&#x94D;&#x930;&#x940;&#x92E;&#x926;&#x92D;&#x93E;&#x917;&#x935;&#x924; &#x915;&#x940; &#x915;&#x943;&#x937;&#x94D;&#x923;-&#x915;&#x925;&#x93E; &#x92A;&#x930; &#x906;&#x927;&#x93E;&#x930;&#x93F;&#x924; /</subfield>
  </datafield>
  <datafield tag="246" ind1=" " ind2=" ">
    <subfield code="a">Yogiraj shri Krishan : shrimadbhagwat ki Krishan-katha par adharit /</subfield>
    <subfield code="b">by Chandrashekhar Shastri </subfield>
  </datafield>
  <datafield tag="260" ind1=" " ind2=" ">
    <subfield code="a">&#x926;&#x93F;&#x932;&#x94D;&#x932;&#x940; </subfield>
    <subfield code="b">&#x917;&#x941;&#x930;&#x941;&#x915;&#x941;&#x932; &#x935;&#x93F;&#x926;&#x94D;&#x92F;&#x93E;&#x92A;&#x940;&#x920; &#x92A;&#x94D;&#x930;&#x915;&#x93E;&#x936;&#x928; </subfield>
    <subfield code="c">2004</subfield>
  </datafield>
  <datafield tag="270" ind1=" " ind2=" ">
    <subfield code="b">&#x926;&#x93F;&#x932;&#x94D;&#x932;&#x940; </subfield>
    <subfield code="a">&#x938;&#x940;-9/96, &#x92F;&#x92E;&#x941;&#x928;&#x93E; &#x935;&#x93F;&#x939;&#x93E;&#x930; </subfield>
    <subfield code="e">110053</subfield>
  </datafield>
  <datafield tag="300" ind1=" " ind2=" ">
    <subfield code="a">270&#x92A;&#x943;. </subfield>
    <subfield code="c">21&#x938;&#x947;&#x92E;&#x940;.(&#x938;&#x91C;&#x93F;&#x932;&#x94D;&#x926;)</subfield>
  </datafield>
  <datafield tag="650" ind1=" " ind2=" ">
    <subfield code="a">&#x91C;&#x940;&#x935;&#x928;&#x940; -- &#x936;&#x94D;&#x930;&#x940;&#x915;&#x943;&#x937;&#x94D;&#x923; </subfield>
    <subfield code="9">2243</subfield>
  </datafield>
  <datafield tag="650" ind1=" " ind2=" ">
    <subfield code="a">&#x92D;&#x93E;&#x917;&#x935;&#x924; &#x917;&#x940;&#x924;&#x93E; &#x915;&#x925;&#x93E; -- &#x915;&#x943;&#x937;&#x94D;&#x923; &#x915;&#x925;&#x93E; </subfield>
    <subfield code="9">93376</subfield>
  </datafield>
  <datafield tag="650" ind1=" " ind2=" ">
    <subfield code="a">Biography -- Krishna</subfield>
    <subfield code="9">93377</subfield>
  </datafield>
  <datafield tag="650" ind1=" " ind2=" ">
    <subfield code="a">Bhagwat Gita story -- Krishna Katha</subfield>
    <subfield code="9">93378</subfield>
  </datafield>
  <datafield tag="942" ind1=" " ind2=" ">
    <subfield code="2">ddc</subfield>
    <subfield code="c">HN</subfield>
    <subfield code="h">921</subfield>
    <subfield code="m">&#x91A;&#x928;&#x94D;&#x926;&#x94D;&#x930;&#x936;&#x947; </subfield>
  </datafield>
  <datafield tag="999" ind1=" " ind2=" ">
    <subfield code="c">120915</subfield>
    <subfield code="d">120915</subfield>
  </datafield>
  <datafield tag="952" ind1=" " ind2=" ">
    <subfield code="0">0</subfield>
    <subfield code="1">0</subfield>
    <subfield code="4">0</subfield>
    <subfield code="7">0</subfield>
    <subfield code="a">L</subfield>
    <subfield code="b">L</subfield>
    <subfield code="d">2015-09-29</subfield>
    <subfield code="e">Cen Lib/Ret</subfield>
    <subfield code="g">300.00</subfield>
    <subfield code="l">0</subfield>
    <subfield code="o">921 &#x91A;&#x928;&#x94D;&#x926;&#x94D;&#x930;&#x936;&#x947;</subfield>
    <subfield code="p">B-200306</subfield>
    <subfield code="r">2015-09-29 00:00:00</subfield>
    <subfield code="t">1</subfield>
    <subfield code="v">300.00</subfield>
    <subfield code="w">2015-09-29</subfield>
    <subfield code="y">HN</subfield>
  </datafield>
  <datafield tag="952" ind1=" " ind2=" ">
    <subfield code="0">0</subfield>
    <subfield code="1">0</subfield>
    <subfield code="2">ddc</subfield>
    <subfield code="4">0</subfield>
    <subfield code="7">0</subfield>
    <subfield code="a">ZLS</subfield>
    <subfield code="b">ZLS</subfield>
    <subfield code="d">2018-08-31</subfield>
    <subfield code="l">0</subfield>
    <subfield code="o">921 &#x91A;&#x928;&#x94D;&#x926;&#x94D;&#x930;&#x936;&#x947;</subfield>
    <subfield code="p">B-200308</subfield>
    <subfield code="r">2018-08-31 00:00:00</subfield>
    <subfield code="w">2018-08-31</subfield>
    <subfield code="y">HN</subfield>
    <subfield code="z">Withdrawn List Prepared L.No.44/17</subfield>
  </datafield>
</record>
